01470nam a22002897a 4500003000900000008004100009040007100050082002600121110006600147245007200213260005100285300004600336440004400382505045800426650002000884650002200904650001500926650002600941650002300967700002700990700002201017700002501039700002601064700002501090700003101115710003401146AR-CdUCM190515b ||||| |||| 00| 0 spa d aMUNICIPALIDAD PROVINCIAL DEL CUSCOcBIBLIOTECA MUNICIPAL DEL CUSCO aCroniUrbana/N°3/1993 aCentro de Educación y Comunicación Guamán Poma de Ayala aCrónicas Urbanas :banálisis y perspectivas urbano regionales / aCusco :bCentro Guamán Poma de Ayala,c1993. a134 páginas. :bilustraciones ;c30 cm. aRevista Crónicas Urbanas.nN°3, 1993 aContenido: La Modernidad Cusqueña. -- Reivindicación del Pensamiento Colonizado. -- El Cusco: Entre el Sueño y la Ideología. -- En Busca de lo Andino. -- Sociedad y Política en el Cusco. -- La Cuestión Electoral. -- San Jerónimo: Reto al desarrollo agro urbano. -- San Sebastián: Espacio de Identidad. -- Las Casas y Guamán Poma: Dos defensores de indios. -- Esbozo Cronológico de Publicaciones y Actividades Culturales Cusqueñas. aHistoria Urbana aDesarrollo Urbano aPolítica aLiteratura cusqueña aHistoria del Cusco aTamayo Herrera, José aEstermann, José aVega Centeno, Imelda aNieto Degregori, Luis aCalvo Calvo, Rossano aGutiérrez Samanez, Julio aCentro Guamán Poma de Ayala